| 000 | 00344nam a2200121Ia 4500 | ||
|---|---|---|---|
| 008 | 190722s9999 xx 000 0 und d | ||
| 020 | _a978-81-315-2190-8 | ||
| 100 | _aRobert W.Turner | ||
| 245 | 0 | _aSupply Management and Procurement from the basic to best in class | |
| 260 |
_aNew delhi _bCengage learning _c2014 |
||
| 300 | _a257 | ||
| 942 | _cBK | ||
| 999 |
_c821 _d821 |
||